000 00591nam a2200193 a 4500
001 1944
003 CO-ViMGA
008 141112s2004 ck r 000 u spa d
020 _a9684524828
040 _aCO-ViMGA
_bspa
_cCO-ViMGA
082 0 4 _a340.1 K357
100 1 _aKelsen, Hans
245 1 0 _aTeoría pura del derecho
260 _aMexico :
_bPorrúa,
_c1997
300 _a364 p
505 _aDerecho y naturaleza 15 - - Estática jurídica 123 - - Derecho y estado 285 - - Estado y derecho internacional 323 - - La interpretación 352
650 1 4 _aDERECHO - TEORIA
942 _2ddc
_cBK
999 _c14095
_d14095